| 000 | 01071nam a2200277 i 4500 | ||
|---|---|---|---|
| 001 | bg | ||
| 100 | 1 | _aLIGĘZA, Wiesław | |
| 245 | 1 | 0 |
_aRedystrybucja sił wewnętrznych we wzmacnianych betonowych elementach tarczowych / _cWiesław Ligęza. |
| 260 |
_aKraków : _bPK, _c2000. |
||
| 300 |
_a259 s. : _bil. ; _c24 cm. |
||
| 490 | 1 | _aMonografia / Politechnika Krakowska im. Tadeusza Kościuszki. Inżynieria Lądowa | |
| 500 | _aISSN i nr serii gł.: 0860-097X ; 277. - Streszcz. ang., niem. | ||
| 504 | _aBibliogr. | ||
| 650 | 9 |
_aBadania nieniszczące _xstosowanie |
|
| 650 | 9 |
_aKonstrukcje betonowe _xmechanika _xbadanie |
|
| 650 | 9 |
_aKonstrukcje betonowe _xremont |
|
| 650 | 9 |
_aKonstrukcje zespolone _xmechanika _xbadanie |
|
| 650 | 9 |
_aNaprężenia i odkształcenia _xbadanie |
|
| 650 | 9 |
_aWytrzymałość materiałów _xbadanie |
|
| 830 | 0 | _aMonografia (Politechnika Krakowska im. Tadeusza Kościuszki. Inżynieria Lądowa) | |
| 040 | _cBPK | ||
| 041 | 0 |
_apl _bende |
|
| 080 | _a624.012.4:624.04 | ||
| 942 | _cKS | ||
| 008 | s pl f |000 0 pol | ||
| 999 |
_c39932 _d39932 |
||
| 856 |
_uhttp://koha.tu.koszalin.pl/cgi-bin/koha/opac-detail.pl?biblionumber=39932 _yKatalog online BPK |
||